John Wayne Movies Quiz Stats

 Plays Quiz Updated Mar 6, 2020

Support Sporcle.
Go Orange.
Score 0/142 Timer 10:00
3 Plays Today
Character Title % Correct
Reuben CogburnTrue Grit
89.2%
(Title Character)Rooster Cogburn
74.8%
John Bernard BooksThe Shootist
74.7%
George Washington McLintockMcLintock!
72.4%
Ethan EdwardsThe Searchers
71.9%
John T. ChanceRio Bravo
71.2%
Col. Davy CrockettThe Alamo
70.1%
Ringo KidStagecoach
67.8%
Col. Mike KirbyThe Green Berets
66.7%
John ElderThe Sons of Katie Elder
66.4%
John Simpson ChisumChisum
66.4%
Sean ThorntonThe Quiet Man
65.3%
Capt. Nathan Cutting BrittlesShe Wore a Yellow Ribbon
63.8%
Det. Lt. Lon McQMcQ
62.6%
Will AndersonThe Cowboys
61.2%
Hondo LaneHondo
61.1%
Lt. Col. Benjamin VandervoortThe Longest Day
59.1%
Lt. Jim BranniganBrannigan
58.7%
Col. Cord McNallyRio Lobo
58.3%
Jacob McCandlesBig Jake
57.6%
Sgt. John M. StrykerSands of Iwo Jima
57.1%
J.D. CahillCahill U.S. Marshall
55.4%
Tom DoniphonThe Man Who Shot Liberty Valance
55.3%
Cole ThorntonEl Dorado
55%
Lt. Col. Kirby YorkeRio Grande
54.7%
Thomas DunsonRed River
54.1%
Michael Patrick DonovanDonovan's Reef
53.7%
Capt. Kirby YorkFort Apache
52.7%
Gen. William Tecumseh ShermanHow the West Was Won
49.7%
Taw JacksonThe War Wagon
44.8%
Chance BuckmanHellfighters
43.5%
Col. John Henry ThomasThe Undefeated
40.6%
Sam McCordNorth to Alaska
40.1%
Sean MercerHatari!
40%
John MarloweThe Horse Soldiers
40%
Temujin/Genghis KhanThe Conqueror
38.6%
Capt. Rockwell TorreyIn Harm's Way
38.2%
LaneThe Train Robbers
37.4%
Lt. Cmdr. Wedge DonovanThe Fighting Seabees
37.1%
Jim McLainBig Jim McLain
36.1%
Lt. 'Rusty' RyanThey Were Expendable
36.1%
Maj. Daniel KirbyFlying Leathernecks
35.9%
Capt. Jake CutterThe Comancheros
35.7%
Quirt EvansAngel and the Badman
34.9%
Robert Marmaduke Hightower3 Godfathers
31.7%
Capt. RallsWake of the Red Witch
30.2%
Dan RomanThe High and the Mighty
29.9%
Capt. Jim GordonFlying Tigers
29.9%
Character Title % Correct
Townsend HarrisThe Barbarian and the Geisha
27.4%
Col. Joseph MaddenBack to Bataan
27.2%
John BreenThe Fighting Kentuckian
27%
Breck ColemanThe Big Trail
26.8%
Frank W. WeadThe Wings of Eagles
26.7%
Lt. Cmdr. Duke E. GiffordOperation Pacific
25.5%
Matt MastersCircus World
24.7%
Col. Jim ShannonJet Pilot
24.6%
Pittsburgh MarkhamPittsburgh
24.3%
Capt. Karl EhrlichThe Sea Chase
23.4%
RocklinTall in the Saddle
23%
Capt. DooleyIsland in the Sky
22.7%
Gen. Mike RandolphCast a Giant Shadow
22.7%
Capt. Tom WilderBlood Alley
21.8%
Capt. Jack StuartReap the Wild Wind
19%
Stephen Aloysius WilliamsTrouble Along the Way
18.8%
Joe JanuaryLegend of the Lost
18.5%
John DevlinDakota
16.9%
Roy GlennisterThe Spoilers
16.8%
Tom CraigIn Old California
16.4%
JohnnyTycoon
16.4%
OlsenThe Long Voyage Home
16.2%
John CarruthersBlue Steel
15.9%
Daniel F. SomersIn Old Oklahoma
15.5%
Bob SetonDark Command
15.2%
Young MattThe Shepherd of the Hills
15.1%
Duke FergusFlame of Barbary Coast
14.4%
Randy BowersRandy Rides Alone
13.9%
Lt. Bob DentonArizona
13.6%
RustyWithout Reservations
13.3%
Pat TalbotReunion in France
12.8%
Duke HudkinsA Lady Takes a Chance
12.4%
John WestonThe Man From Utah
12.2%
Capt. John DelmontThe Oregon Trail
11.8%
Lt. Dan BrentSeven Sinners
11.5%
Lt. Tom WayneThe Three Musketeers
11.4%
John PhillipsThree Faces West
11.4%
Jackson MorganLady for a Night
11.1%
Chris Morrell'Neath the Arizona Skies
11%
John ReynoldsLady from Louisiana
10.7%
Jim SmithAllegheny Uprising
10.6%
Bob RandallSea Spoilers
10.3%
John HigginsTexas Terror
10.3%
U.S. Marshal John TraversThe Star Packer
10.2%
John BryantSagebrush Trail
9.8%
Stony BrookeThree Texas Steers
9.3%
Stony BrookeRed River Range
9.3%
Bob AdamsI Cover the War
9.2%
Character Title % Correct
Biff SmithCalifornia Straight Ahead!
9%
Jerry MasonThe Lucky Texan
8.9%
Jimmy McCoy Jr.Baby Face
8.6%
John MasonThe Dawn Rider
8.6%
John WyattWestward Ho
8.5%
Pat GlendonConflict
8.2%
Steve PickettTexas Cyclone
7.9%
Stony BrookeWyoming Outlaw
7.8%
John BlairWinds of the Wasteland
7.7%
Deputy Sheriff John SteeleThe Big Stampede
7.6%
John MasonHaunted Gold
7.6%
Lynn HollisterA Man Betrayed
7.6%
John TobinThe Lawless Frontier
7.5%
John ScottThe Desert Trail
7.2%
Stony BrookeNew Frontier
7.1%
John DawsonThe New Frontier
7.1%
Peter BrooksGirls Demand Excitement
7.1%
The Air PilotThe Hurricane Express
7%
Stony BrookePals of the Saddle
7%
Singin' Sandy SaundersRiders of Destiny
6.9%
John MartinRainbow Valley
6.9%
Stony BrookeSanta Fe Stampede
6.8%
Dick WallaceHis Private Secretary
6.8%
John WyattParadise Canyon
6.8%
Stony BrookeThe Night Riders
6.6%
Ted HaydenWest of the Divide
6.6%
John TrentThe Telegraph Trail
6.6%
Gordon WalesThree Girls Lost
6.5%
John TiptonThe Lawless Nineties
6.5%
John DruryRide Him, Cowboy
6.4%
John ClaybornKing of the Pecos
6.4%
SmithThe Life of Jimmy Dolan
6.4%
Rod DewThe Trail Beyond
6.2%
Capt. John AshleyThe Lonely Trail
6.1%
John MiddletonLawless Range
6%
Capt. John HolmesThe Man from Monterrey
6%
Johnny HansonIdols of the Crowds
5.9%
Stony BrookeOverland Stage Raiders
5.8%
John BishopSomewhere in Sonora
5.8%
Buzz KinneyLady and Gent
5.8%
Craig McCoyThe Shadow of the Eagle
5.7%
DukeTwo-Fisted Law
5.6%
Dusty RhodesMaker of Men
5.6%
Clint TurnerThe Range Feud
5.6%
Dare RuddBorn to the West
5.2%
Duke SladeAdventure's End
5%

From the Vault

Animal Movies

by lupin

Movies 6m
My deer, this quiz is quite a bear...what that over the lion?
Remove Ads.
Support Sporcle.
Get the best of Sporcle when you Go Orange. This ad-free experience offers more features, more stats, and more fun while also helping to support Sporcle. Thank you for becoming a member.

Show Comments

Extras

Top Quizzes Today


Score Distribution

Your Account Isn't Verified!

In order to create a playlist on Sporcle, you need to verify the email address you used during registration. Go to your Sporcle Settings to finish the process.

Report this User

Report this user for behavior that violates our Community Guidelines.

Details: